00317pab a2200121 454500008004000000100001700040245006500057260000900122300001300131362001000144650002100154773002000175180718b2011 xxu||||| |||| 00| 0 eng d aKamati, C.B. aA new dimension to university education by Dr. Radhakrishnan c2011 ap.22-27. a5 Sep aHigher education aUniversity News